000 00640nam a22002537a 4500
001 BR8800319
003 BR-BrBNA
005 20230928092828.0
007 ta
008 230509b bl.||||| |||| 00| 0 por d
040 _aBR-BrBNA
_bpor
_cBiblioteca Nacional de Agricultura
041 _a(Por)
072 _aP06
_b8961
090 _ 8961 BR8800319
100 1 _aCals, C.
245 1 _aAlcool "substituto de derivados de petroleo"
260 3 _aBrasilia, DF (Brasil):
_c1983.
300 _a21 p.
500 _a6 tables
650 _aALCOOL ANIDRO
650 _aALCOOL MOTOR
909 _a202309
_bLucia
_c55
_dLucia Elande
942 _cBK
999 _c41434
_d41434